Score 0/12 Timer 03:00
0 Plays Today
% Correct
Oreo
95.5%
Chocolate Chip
95.1%
Gingerbread Man
95.1%
Fortune Cookie
94.9%
Oatmeal Raisin
93%
Stroopwafel
90.8%
Thin Mint
87.9%
Shortbread
83.4%
Molasses
80%
Gingersnap
76.3%
Snickerdoodle
71.4%
Sugar Cookie
52.2%
Remove Ads.
Support Sporcle.
Get the best of Sporcle when you Go Orange. This ad-free experience offers more features, more stats, and more fun while also helping to support Sporcle. Thank you for becoming a member.

You're not logged in!

Compare scores with friends on all Sporcle quizzes.
OR
Log In

Show Comments

Extras

Top Quizzes Today


Score Distribution

Your Account Isn't Verified!

In order to create a playlist on Sporcle, you need to verify the email address you used during registration. Go to your Sporcle Settings to finish the process.

Report this User

Report this user for behavior that violates our Community Guidelines.

Details: